Normal view
MARC view
- SCIENCE / Essays
Entry Topical Term
001 - CONTROL NUMBER
- control field: 94762
003 - CONTROL NUMBER IDENTIFIER
- control field: NUST
005 - DATE AND TIME OF LATEST TRANSACTION
- control field: 20220724164104.0
008 - FIXED-LENGTH DATA ELEMENTS
- fixed length control field: 220724|| aca||aabn | a|a d
040 ## - CATALOGING SOURCE
- Original cataloging agency: NUST
- Transcribing agency: NUST
150 ## - HEADING--TOPICAL TERM
- Topical term or geographic name entry element: SCIENCE / Essays
670 ## - SOURCE DATA FOUND
- Source citation: Work cat.: (NUST)0: Munroe, Randall, author. 94759, How to :
